| 000 | 00640nam a2200181Ia 4500 | ||
|---|---|---|---|
| 008 | 100917s9999 xx 000 0 und d | ||
| 082 | _b52273 | ||
| 100 | _aगोडबोले म. शं. | ||
| 245 | _aसार्थ श्री ज्ञानेश्वरी | ||
| 260 |
_bश्रीविद्या प्रकाशन _c1977 |
||
| 300 | _a912/33 | ||
| 365 | _b60 | ||
| 520 | _aअध्यात्म | ||
| 630 | _aसार्थ श्री ज्ञानेश्वरी | ||
| 650 | _aअध्यात्म | ||
| 730 | _aसार्थ श्री ज्ञानेश्वरी | ||
| 942 | _cBOOK | ||
| 999 |
_c657667 _d657664 |
||